000 03751cam a22004574i 4500
003 PE-LiUPU
005 20250731184117.0
008 150616s1967 sp r 000 0 spa d
035 _a(Sirsi) a5603
040 _aPE-LiUPU
_bspa
_cPE-LiUPU
_erda
049 _aPRUA
082 0 4 _a860
_bB74
_221
082 0 4 _a821.11
_bB74 1967
100 1 _aBorrow, George Henry,
_d1803-1881,
_eautor.
245 1 3 _aLa Biblia en España o Viajes, aventuras y prisiones de un inglés en su intento de difundir las Escrituras por la Península /
_cGeorge Borrow ; introducción, notas y traducción de Manuel Azaña.
264 1 _aMadrid :
_bAlianza Editorial, S.A.,
_c1967.
300 _a632 páginas ;
_c18 centímetros.
336 _atext
_2rdacontent
337 _aunmediated
_2rdamedia
338 _avolume
_2rdacarrier
490 1 _aSección: Humanidades
505 0 _a!Hombre al agua¡ -- El tajo -- Las lenguas extranjeras -- La gestualización -- Calles de Lisboa -- El acueducto -- La Biblia tolerada en Portugal -- Cintra -- Don Sebastián -- Juan de Castro -- Conversación con un cura -- Colhares -- Mafra -- El palacio -- El maestro de escuela -- Los portugueses -- Su ignorancia de las Escrituras -- Los curas rurales -- El Alemtejo -- Boteros de Tajo -- Peligros de la corriente -- Un comerciante de Evora -- Contrabandistas Españoles -- El león y el unicornio -- Dilataciones molestas --El cochero borrado -- El colegio -- El rector -- La piedra de toque -- El frio en portugal -- La piedra druidica -- Elva -- Badajoz -- La nieta de la gitana -- El puerto de Mirabete -- mi alojamiento en Madrid -- Intrigas de la Corte -- Estado de España -- El Vapor -- El cabo de Finisterre -- Salida para Córdoba -- Córdoba -- Los moros de Berbería -- Salida de Córdoba -- Llegada a Madrid -- Enfermedad -- Salida de Salamanca -- Dueñas -- Los hijos de Egipto -- Astorga -- La posada -- Salida de Astorga -- Villafranca -- El puerto -- Lugo -- Los baños -- Compostela -- Los mareantes de Padrón -- Llegada a Padrón -- Mañana de otoño -- La coruña -- Paso de la bahía -- Martín de Ribadeo -- Oviedo -- Salida de Oviedo -- Salida de Santander -- Estado de los asuntos en Madrid -- Euscarra -- La prohibición -- Los dos evangelios -- Ofalia -- María Díaz -- Salida de la cárcel -- Villa seca -- Aranjuez -- Regreso a españa -- Se reanuda la obra de propaganda -- Aventura en Cobeña -- Termino de nuestros trabajos -- Proyecto de viaje -- La casa solitaria -- Noche en el Guadalquirir -- Cádiz -- Un hostelero jovial -- Marineros genoveses -- otra vez abordo -- El muelle -- El Mahasni -- Un trio singular.
526 _aP145
526 _aP127
526 _aP97
526 _aP14
526 _aP07
651 _aEspaña
_xDescripción
_ySiglo XIX.
700 1 _aAzaña, Manuel,
_d1880-1940,
_etraductor.
910 _ajck
_bjvq
_cjck
910 _btqv
_cwelc
_d20170912
942 _2ddc
_cBOOK
949 _a860 B74
_wDEWEY
_c1
_i39456
_lCCODEBUL1
_mBUL
_p23.51
_r0
_sY
_tBOOK
_u19940918
_xTEOLOGIA
_zUNKNOWN
_0COMPRA
_o.STAFF. Colección Teología
949 _a821.11 B74 1967
_wDEWEY
_c1
_iFJ08779
_lCCODEBUJ1
_mBUJ
_p23.51
_r0
_sY
_tBOOK
_u2017-09-12
_xBIBLIOTECA
_zUNKNOWN
_0DONACION
_o.STAFF. Colección General Juliaca
994 _aC0
_bPEPRU
596 _a1 3
999 _a860 B74
_wDEWEY
_c56650
_i39456
_f2021-11-12
_g5
_lCCODEBUL1
_mBUL
_p23.51
_r0
_sY
_tBOOK
_u2015-6-16
_xTEOLOGIA
_PP35
_0COMPRA
_o.STAFF. Colección Teología
_d56650
999 _a821.11 B74 1967
_wDEWEY
_c1
_iFJ08779
_f2022-2-2
_g2
_lCCODEBUJ1
_mBUJ
_p23.51
_r0
_sY
_tBOOK
_u2017-9-12
_xBIBLIOTECA
_zUNKNOWN
_0DONACION
_o.STAFF. Colección General Juliaca
980 _81
_gALBERTO SANCHEZ Responsable de Automatización